000 00489nmm a2200169Ia 4500
008 251105s9999||||xx |||||||||||||||||und||
020 _a9789681670092
041 _aspa
100 _aLópez Colomé, Pura
245 0 _aTragaluz de noche
264 _a[México D.C., Mexico] :
_bFondo de Cultura Económica,
_c2013
300 _a160 páginas
490 _aLetras Mexicanas
650 _aLatin American poetry
856 _uhttps://public.digitaliapublishing.com/a/43821
942 _cCF
999 _c96954
_d96954